[Event "Mittelfranken-chTB2b 1314"]
[Site "Mittelfranken"]
[Date "2014.03.09"]
[Round "7.7"]
[White "Proeschel, Gerhard"]
[Black "Wiesent, Karl"]
[Result "1-0"]
[WhiteElo "1872"]
[BlackElo "1747"]
[PlyCount "115"]
[EventDate "2013.10.20"]
[EventType "team-tourn"]
[EventRounds "9"]
[EventCountry "GER"]
[SourceTitle "EXT 2020"]
[Source "ChessBase"]
[SourceDate "2019.10.17"]
[SourceVersion "1"]
[SourceVersionDate "2019.10.17"]
[SourceQuality "1"]
[WhiteTeam "Muehlhof/Schwabach"]
[BlackTeam "Bubenreuth/Moehrendorf"]
[WhiteTeamCountry "GER"]
[BlackTeamCountry "GER"]

1. e4 e5 2. Nf3 Nc6 3. Bc4 Bc5 4. d3 Nf6 5. Nc3 h6 6. h3 d6 7. Na4 Bb4+ 8. c3 Ba5 9. b4 Nxb4 10. cxb4 Bxb4+ 11. Bd2 Bxd2+ 12. Nxd2 c6 13. Nc3 0-0 14. 0-0 Nh7 15. f4 b5 16. Bb3 exf4 17. Rxf4 Qg5 18. Rf2 Bxh3 19. Nf3 Qg6 20. Ne2 Be6 21. Ned4 Bxb3 22. Qxb3 Rac8 23. Raf1 Qf6 24. Nf5 Rc7 25. Nh2 Ng5 26. Ng4 Qg6 27. e5 d5 28. Kh1 Qe6 29. d4 Ne4 30. Rc2 h5 31. Nh2 g6 32. Ng3 f5 33. exf6 Rxf6 34. Rxf6 Nxf6 35. Re2 Qd6 36. Qe3 h4 37. Ngf1 Ne4 38. Ng4 Rh7 39. Kg1 Qb4 40. Nd2 Re7 41. Nxe4 dxe4 42. Nf6+ Kg7 43. Nxe4 a5 44. a3 Qc4 45. Rf2 c5 46. Qf4 Rf7 47. Qxf7+ Qxf7 48. Rxf7+ Kxf7 49. Nxc5 Ke7 50. Kf2 Kd6 51. Ke3 Kd5 52. Kd3 g5 53. Ne4 b4 54. axb4 a4 55. Nc3+ Kd6 56. Nxa4 g4 57. Ke3 Kd5 58. Nc3+ 1-0